01512njm a2200253Ia 450000100060000000300090000600500170001500800410003204000130007304000130008610000210009910000180012010000380013824500280017625000110020426000090021526000500022430000100027430000320028450000880031650507330040465000560113770000650119325791IT-RoPAU20220918181133.0131025s9999 xx 000 0 und d aIT-RoPAU cIT-RoPAU aNascimbene Mario eAutore musica gCodice autore musica SPICS: 11469 aImpronta del suono (L') a1a ed. aROMA bRCA (RADIO CORP. AMERICA)c1983 [1a Ed.:1983] aDISCO c148 minuti (Testo: 14 pag.) aColonna sonora. Colonne sonore dei film italiani, inglesi e americani di F. Ferrara aRoma ore 11.00 - Estate violenta - Cronaca di un delitto - Summit - L'amore in città - Le soldatesse - L'età dell'amore - Gradiva - Morte di un amico - Room At the Top - Il processo di Verona - The Scent of Mystery - Se tutte le donne del mondo - Where the Spies Are - La lotta per la sopravvivenza - One Milion Years B. C. - La ragazza con la valigia - Doctor Fausts - Storia d'amore e d'amicizia - The Vengeance of She - Atti degli Apostoli - Eneide - Quando l'uomo scompare - The Barefoot Contessa - La prima notte di quiete - Alexandre the Great - Creatures the World Forgot - A Farewell To Arms -Il Messia - The Vikings - Un reietto delle isole - Salomon and Sheba - Pronto... c'è una certa Giuliana per te - Barabas aCOLONNE SONORE [DISCHI]eCodice MATERIA SPICS: 9950 aNascimbene MariogCodice interprete SPICS: 11469eInterprete